Super Hero Team Members - Statistics

General Stats
  • This quiz has been taken 64 times
    52 since last reset
  • The average score is 25 of 30
Answer Stats
Justice League % Correct
Batman
100%
Superman
100%
Black Widow
97%
Ironman
97%
The Flash
97%
Captain america
95%
Groot
95%
Hulk
95%
Robin
95%
Wonder woman
95%
Beast
92%
Hawkeye
92%
Wolverine
92%
Cyborg
87%
Cyclops
87%
Raven
87%
Rocket
87%
Starlord
87%
Thor
87%
Beastboy
84%
Drax
84%
Gamora
82%
Starfire
82%
Green Lantern
79%
Mantis
74%
Aquaman
71%
Jean grey
68%
Gambit
37%
Rogue
29%
Superboy
18%
No matching quizzes found
Score Distribution
Percent of People with Each Score
Percentile by Number Answered
Your Score History
You have not taken this quiz since the last reset